Statistics for Israel or Judah?

Click here to take the quiz!

General Stats

  • This quiz has been taken 12 times
  • The average score is 21 of 39

Answer Stats

QuestionAnswer% Correct
ShallumIsrael
100%
SolomonBoth
82%
ManassehJudah
82%
BaashaIsrael
73%
PekahiahIsrael
73%
OmriIsrael
73%
JeroboamIsrael
64%
ZimriIsrael
64%
MenahemIsrael
64%
JehuIsrael
64%
AhabIsrael
64%
JehoramJudah
64%
JothamJudah
64%
ZedekiahJudah
64%
JehoshaphatJudah
64%
SaulBoth
55%
DavidBoth
55%
HosheaIsrael
55%
JehoashIsrael
55%
ElahIsrael
55%
NadabIsrael
55%
PekahIsrael
55%
JehoiakimJudah
55%
RehoboamJudah
55%
AsaJudah
55%
JehoiachinJudah
55%
UzziahJudah
55%
ZechariahIsrael
45%
AbijahJudah
45%
HezekiahJudah
45%
JoashJudah
45%
AthaliahJudah
45%
AmonJudah
45%
JoramIsrael
36%
JosiahJudah
36%
AmaziahJudah
36%
AhaziahBoth
18%
AhazJudah
18%
JehoahazBoth
9%

Score Distribution

Percentile by Number Answered

Percent of People with Each Score

Your Score History

You have not taken this quiz